| Tag |
First Indicator |
Second Indicator |
Subfields |
| LEADER |
00000cam a2200000 4500 |
| 001 |
in00000044981 |
| 005 |
20151007065147.0 |
| 008 |
791113q19501958sp d 00000 spa d |
| 035 |
|
|
|a (OCoLC)05687469
|
| 035 |
|
|
|9 AAE1414AM
|
| 040 |
|
|
|a NSA
|c NSA
|d TXA
|d UtOrBLW
|
| 041 |
1 |
|
|a spa
|a eng
|
| 049 |
|
|
|a TXAM
|c [287378]
|
| 090 |
|
|
|a Q123
|b .U813
|
| 092 |
|
|
|a 503
|b U94d
|
| 100 |
1 |
|
|a Uvarov, E. B.
|q (Eugene Boris),
|d 1910-
|
| 245 |
1 |
0 |
|a Diccionario de ciencias ;
|b definiciones y explicaciones de terminos empleados en quimica, fisica y matematicas elementales.
|
| 250 |
|
|
|a Rev. con la colaboracion D. R. Chapman.
|b La traduccion ... por Thomas Monaghan.
|
| 264 |
|
1 |
|a Madrid :
|b Editorial Dossat,
|c [between 1950 and 1959?]
|
| 300 |
|
|
|a 218 pages
|
| 336 |
|
|
|a text
|b txt
|2 rdacontent
|
| 337 |
|
|
|a unmediated
|b n
|2 rdamedia
|
| 338 |
|
|
|a volume
|b nc
|2 rdacarrier
|
| 500 |
|
|
|a Orig. publication in English, title: A dictionary of science, c1942, reprinted 1944.
|
| 650 |
|
0 |
|a Science
|v Dictionaries.
|
| 999 |
|
|
|a MARS
|
| 999 |
f |
f |
|s 187edcc2-6885-39a8-8476-511a55550be9
|i 11cfbd6c-fdd4-3b13-8e05-e1fd4de81329
|t 0
|
| 952 |
f |
f |
|p ric
|a Texas A&M University
|b Rellis Campus
|c Joint Library Facility
|d Remote Storage
|t 0
|e Q123 .U813
|h Library of Congress classification
|i unmediated -- volume
|m A14800892234
|
| 998 |
f |
f |
|a Q123 .U813
|t 0
|l Remote Storage
|